[Event "World Blitz 2025"]
[Site "Doha QAT"]
[Date "2025.12.30"]
[Round "17.23"]
[White "Mamedov, Rauf"]
[Black "Mamedov, Edgar"]
[Result "1-0"]
[WhiteTitle "GM"]
[BlackTitle "GM"]
[WhiteElo "2645"]
[BlackElo "2492"]
[WhiteFideId "13401653"]
[BlackFideId "13739980"]
[EventDate "2025.12.29"]

1. e4 e5 2. Nc3 Nc6 3. g3 Bc5 4. Bg2 d6 5. d3 a6 6. h3 Nge7 7. Nf3 O-O 8. O-O f5
9. exf5 Bxf5 10. Kh2 Qd7 11. Be3 Bxe3 12. fxe3 h6 13. d4 exd4 14. Nxd4 Bh7 15.
Qe2 Rae8 16. Qc4+ Kh8 17. Qe6 Qd8 18. Qb3 Nxd4 19. exd4 Nf5 20. Qxb7 Nxd4 21.
Qxa6 Nxc2 22. Rxf8+ Rxf8 23. Rf1 Rxf1 24. Qxf1 Ne3 25. Qf4 Nxg2 26. Kxg2 d5 27.
Qd4 c5 28. Qxc5 d4 29. Nd1 d3 30. Kf2 Qf6+ 31. Ke1 Qf3 32. Qe3 Qh1+ 33. Kd2 Qg2+
34. Nf2 Qa8 35. Nxd3 Qxa2 36. Qe8+ Bg8 37. Qe5 Qb3 38. h4 Qc4 39. b4 Qa2+ 40.
Ke3 Bc4 41. Kd4 Qb3 42. Qe8+ Kh7 43. Qe4+ Kg8 44. Ne5 Be6 45. Kc5 Qc3+ 46. Kd6
Bb3 47. b5 Qd2+ 48. Kc5 Qc3+ 49. Nc4 Qxg3 50. b6 Qf2+ 51. Qd4 Qf8+ 52. Qd6 Qc8+
53. Qc6 Qf8+ 54. Kb5 Qf5+ 55. Kb4 Qb1 56. b7 Bxc4+ 57. Kxc4 Qc2+ 58. Kb5 Qb3+
59. Ka6 Qa3+ 60. Kb6 Qb4+ 61. Kc7 Qf4+ 62. Qd6 Qc4+ 63. Kd8 Qxh4+ 64. Qe7 Qd4+
65. Qd7 Qh4+ 66. Kc8 Qc4+ 67. Qc7 Qg4+ 68. Qd7 Qc4+ 69. Kb8 Qf4+ 70. Qc7 Qb4 71.
Qc6 Kh7 72. Qd5 Qf8+ 73. Kc7 Qe7+ 74. Kc6 Qf6+ 75. Qd6 Qc3+ 76. Kd7 Qh3+ 77. Qe6
Qd3+ 78. Kc8 Qc3+ 79. Kd8 Qd4+ 80. Qd7 Qb6+ 81. Ke8 Qe3+ 82. Qe7 Qb6 83. Qe4+
Kh8 84. Kd7 Qb5+ 85. Kc7 Qa5+ 86. Kc6 Qa6+ 87. Kd7 Qb5+ 88. Qc6 Qf5+ 89. Qe6
Qb5+ 90. Kc7 Qc5+ 91. Kd8 Qa5+ 92. Ke8 Qb5+ 93. Qd7 Qe5+ 94. Kd8 Qf6+ 95. Kc8
Qc3+ 96. Qc7 Qh3+ 97. Kb8 Qb3 98. Qe5 Qb6 99. Qd5 Qb4 100. Kc8 Qc3+ 101. Kd8
Qf6+ 102. Kd7 Qb6 103. Kc8 Qa6 104. Kc7 Qa7 105. Qb5 Kh7 106. Kc8 Qd4 107. b8=Q
Qg4+ 108. Qd7 Qc4+ 109. Qbc7 Qa6+ 110. Kb8 Qf6 111. Qd3+ Kg8 112. Qcd8+ Qxd8+ 1-0

[Event "World Blitz 2025"]
[Site "Doha QAT"]
[Date "2025.12.30"]
[Round "17.24"]
[White "Sarana, Alexey"]
[Black "Amar, Elham"]
[Result "1-0"]
[WhiteTitle "GM"]
[BlackTitle "GM"]
[WhiteElo "2673"]
[BlackElo "2592"]
[WhiteFideId "24133795"]
[BlackFideId "1533533"]
[EventDate "2025.12.29"]

1. d4 Nf6 2. c4 e6 3. Nc3 d5 4. cxd5 exd5 5. Bg5 c6 6. e3 h6 7. Bf4 Bf5 8. f3
Be7 9. g4 Be6 10. h4 Nbd7 11. Bd3 Nb6 12. Nge2 Bd6 13. Qc2 Qe7 14. O-O-O O-O-O
15. Kb1 Kb8 16. Bxd6+ Qxd6 17. Nf4 g5 18. Nxe6 fxe6 19. Qh2 Qxh2 20. Rxh2 Rhf8
21. Rg1 Nbd7 22. hxg5 hxg5 23. Rh6 Ng8 24. Rh3 e5 25. Bf5 exd4 26. exd4 Ne7 27.
Bd3 Nb6 28. Re1 Nbc8 29. Re5 Rg8 30. Rh7 Rdf8 31. Rexe7 Nxe7 32. Rxe7 Rxf3 33.
Bf5 Rf2 34. Na4 Rh8 35. a3 Rhh2 36. Re8+ Kc7 37. Rc8+ Kd6 38. Rb8 b5 39. Rb7
Rxf5 40. Nc5 1-0

[Event "World Blitz 2025"]
[Site "Doha QAT"]
[Date "2025.12.30"]
[Round "17.25"]
[White "Naiditsch, Arkadij"]
[Black "Indjic, Aleksandar"]
[Result "1-0"]
[WhiteTitle "GM"]
[BlackTitle "GM"]
[WhiteElo "2574"]
[BlackElo "2635"]
[WhiteFideId "4650891"]
[BlackFideId "911925"]
[EventDate "2025.12.29"]

1. e4 c5 2. Nc3 e6 3. f4 Nc6 4. d3 d5 5. Nf3 Nf6 6. Be2 a6 7. O-O b5 8. Ne5 Nd4
9. exd5 exd5 10. Be3 Bb7 11. Bxd4 cxd4 12. Nb1 Bc5 13. Nd2 O-O 14. g4 Re8 15.
Ndf3 Nd7 16. g5 Nf8 17. Rf2 a5 18. Rg2 Bc8 19. Qe1 Ng6 20. Qg3 Ne7 21. Nh4 Qc7
22. Rf1 Bd6 23. Bf3 Ra6 24. Nxf7 Kxf7 25. g6+ hxg6 26. Nxg6 Nf5 27. Qg5 Qc5 28.
Qh5 Kg8 29. Qh8+ Kf7 30. Qh7 Bf8 31. Bh5 Rf6 32. Nxf8+ Ke7 33. Bxe8 Kxe8 34. Ng6
Ne3 35. Qxg7 Qd6 36. Qg8+ Kd7 37. Ne5+ Kc7 38. Rg7+ Kb8 39. Nd7+ Kc7 40. Nxf6+
Kb6 41. Qxc8 1-0

[Event "World Blitz 2025"]
[Site "Doha QAT"]
[Date "2025.12.30"]
[Round "17.26"]
[White "Sanal, Vahap"]
[Black "Van Foreest, Jorden"]
[Result "0-1"]
[WhiteTitle "GM"]
[BlackTitle "GM"]
[WhiteElo "2546"]
[BlackElo "2692"]
[WhiteFideId "6300545"]
[BlackFideId "1039784"]
[EventDate "2025.12.29"]

1. e4 c6 2. Nf3 d5 3. d3 dxe4 4. dxe4 Qxd1+ 5. Kxd1 Nd7 6. Nbd2 e5 7. Ne1 f5 8.
exf5 Nc5 9. g4 h5 10. f3 Nf6 11. Be2 hxg4 12. fxg4 g6 13. g5 Nd5 14. Nc4 Bxf5
15. Bd2 O-O-O 16. Kc1 Be4 17. Bf3 Rh3 18. Bg4+ Kc7 19. Bxh3 Bxh1 20. Nxe5 Ne4
21. N1d3 Bd6 22. Nxg6 Bxh2 23. Ngf4 Nxg5 24. Nxd5+ Rxd5 25. Bxg5 Rxg5 26. Kd2
Bd5 27. Re1 Bd6 28. Be6 Rg2+ 29. Kc3 Bf3 30. Rf1 Bh5 31. Bf7 Bg4 32. a3 a5 33.
Ba2 Rg3 34. b4 Be5+ 35. Kd2 Bd4 36. Rf7+ Kd6 37. Rxb7 Rg2+ 38. Ke1 Rxc2 39. Bg8
Re2+ 40. Kf1 Re3 41. Nc5 Bh3+ 42. Kg1 Re2+ 43. Kh1 Bg2+ 44. Kh2 Bd5+ 45. Kh3
Bxg8 46. Rd7+ Ke5 47. Re7+ Kd5 48. Rxe2 axb4 49. axb4 Kc4 50. Na6 Kb5 51. Nb8
Bd5 52. Rd2 Be5 53. Rc2 Bxb8 54. Rc1 Bd6 0-1

[Event "World Blitz 2025"]
[Site "Doha QAT"]
[Date "2025.12.30"]
[Round "17.27"]
[White "Warmerdam, Max"]
[Black "Salem, A.R. Saleh"]
[Result "0-1"]
[WhiteTitle "GM"]
[BlackTitle "GM"]
[WhiteElo "2573"]
[BlackElo "2635"]
[WhiteFideId "1048104"]
[BlackFideId "9301348"]
[EventDate "2025.12.29"]

1. c4 c5 2. Nc3 g6 3. g3 Bg7 4. Bg2 Nc6 5. Nf3 e6 6. b3 Nge7 7. Ba3 Qa5 8. Bb2
O-O 9. O-O d5 10. Na4 d4 11. a3 e5 12. d3 h6 13. Bc1 f5 14. b4 cxb4 15. axb4
Qxb4 16. Ba3 Qa5 17. Qb3 Qc7 18. Nh4 Kh7 19. Rfb1 g5 20. Nf3 e4 21. Ne1 e3 22.
f4 gxf4 23. Bxe7 Qxe7 24. Nb6 fxg3 25. Nxa8 gxh2+ 26. Kh1 Ne5 27. Nf3 Ng4 28.
Rxa7 Qd6 29. Rf1 Rg8 30. Qb6 Qg3 31. Qc7 f4 32. Nb6 Bf5 33. Rxb7 Bxd3 34. Qf7
Bxe2 35. Qh5 Bxf3 36. Bxf3 Nf2+ 0-1

[Event "World Blitz 2025"]
[Site "Doha QAT"]
[Date "2025.12.30"]
[Round "17.28"]
[White "Oro, Faustino"]
[Black "Murzin, Volodar"]
[Result "0-1"]
[WhiteTitle "IM"]
[BlackTitle "GM"]
[WhiteElo "2503"]
[BlackElo "2648"]
[WhiteFideId "20000197"]
[BlackFideId "44155573"]
[EventDate "2025.12.29"]

1. e4 c5 2. Nf3 d6 3. d4 cxd4 4. Nxd4 Nf6 5. Nc3 a6 6. Be3 e5 7. Nf3 Be7 8. Bc4
O-O 9. Bb3 Be6 10. O-O Qc7 11. Qe2 Rc8 12. Bg5 Nbd7 13. a4 Bc4 14. Bxc4 Qxc4 15.
Qxc4 Rxc4 16. Nd2 Rc6 17. Rfd1 Bd8 18. Bxf6 Nxf6 19. a5 Kf8 20. Nf1 Rc5 21. Nd2
Rxa5 22. Nc4 Rxa1 23. Rxa1 Ke7 24. Kf1 Rc8 25. Ne3 Ke6 26. Ke2 Bb6 27. Ra3 Bd4
28. f3 Bxc3 29. bxc3 Nd7 30. c4 Rc6 31. Ra1 g6 32. g3 Nc5 33. Kd2 f5 34. exf5+
gxf5 35. Kc3 Rc7 36. Nd5 Rg7 37. Re1 Kf7 38. f4 Ne4+ 39. Kd3 Ke6 40. Rb1 Nc5+
41. Ke3 e4 42. Kd4 h5 43. Rb6 h4 44. gxh4 Rg2 45. Ne3 Rd2+ 46. Kc3 Rxh2 47. Rb1
Rxh4 48. Rf1 Rh3 49. Kd4 Kf6 50. Rg1 Ne6+ 51. Kd5 Rxe3 0-1

[Event "World Blitz 2025"]
[Site "Doha QAT"]
[Date "2025.12.30"]
[Round "17.29"]
[White "Nesterov, Arseniy"]
[Black "Iturrizaga Bonelli, Eduardo"]
[Result "0-1"]
[WhiteTitle "GM"]
[BlackTitle "GM"]
[WhiteElo "2595"]
[BlackElo "2592"]
[WhiteFideId "24198455"]
[BlackFideId "3901211"]
[EventDate "2025.12.29"]

1. d4 Nf6 2. c4 e6 3. g3 Bb4+ 4. Bd2 Qe7 5. Nf3 Bxd2+ 6. Qxd2 Nc6 7. Nc3 d5 8.
Bg2 O-O 9. O-O dxc4 10. e3 Rb8 11. Qe2 b5 12. Rac1 Na5 13. Rfd1 Bb7 14. Qe1 Ba8
15. Nb1 Nc6 16. b3 Nb4 17. bxc4 Nxa2 18. Rc2 Nb4 19. Rcc1 a6 20. cxb5 axb5 21.
Qc3 Na2 22. Qxc7 Qb4 23. Qc5 Qxc5 24. Rxc5 b4 25. Nbd2 Nc3 26. Ra1 Nfe4 27. Nxe4
Nxe4 28. Rc7 b3 29. Rb1 Bd5 30. Rb2 Ra8 31. h4 Ra1+ 0-1

[Event "World Blitz 2025"]
[Site "Doha QAT"]
[Date "2025.12.30"]
[Round "17.30"]
[White "Moussard, Jules"]
[Black "Mendonca, Leon Luke"]
[Result "1-0"]
[WhiteTitle "GM"]
[BlackTitle "GM"]
[WhiteElo "2600"]
[BlackElo "2615"]
[WhiteFideId "642908"]
[BlackFideId "35028561"]
[EventDate "2025.12.29"]

1. Nf3 Nf6 2. b3 b6 3. g3 Bb7 4. Bg2 c5 5. c4 e6 6. Bb2 Be7 7. O-O O-O 8. d4
cxd4 9. Qxd4 d6 10. Nc3 a6 11. Rfd1 Nbd7 12. Rac1 Qc7 13. h3 Rfd8 14. g4 Rac8
15. g5 Ne8 16. h4 Nf8 17. Qg4 f5 18. gxf6 Bxf6 19. Ng5 Bxg2 20. Kxg2 Qe7 21. Rd3
Rc5 22. Nge4 Rf5 23. Rh1 b5 24. cxb5 axb5 25. Rf3 b4 26. Na4 Rxf3 27. Qxf3 Bxb2
28. Nxb2 d5 29. Ng3 e5 30. e4 dxe4 31. Qxe4 Nf6 32. Qc4+ Kh8 33. Re1 Ng6 34. h5
Nf4+ 35. Qxf4 exf4 36. Rxe7 fxg3 37. Kxg3 Rd2 38. Nc4 Rxa2 39. Rb7 h6 40. Rxb4
Nxh5+ 41. Kf3 Nf6 42. Rb7 Rc2 43. Ne3 Rb2 44. b4 h5 45. Nf5 Ng4 46. Nxg7 Nxf2
47. Nxh5 Kg8 48. Nf6+ Kf8 49. Ke3 Nd1+ 50. Kd3 Nf2+ 51. Kc3 Nd1+ 52. Kd4 Rd2+
53. Ke5 Nc3 54. Rc7 Re2+ 55. Kf4 Rf2+ 56. Ke3 Nd1+ 57. Kd4 Rd2+ 58. Ke5 Re2+ 59.
Kf4 Rb2 60. Rc4 Ke7 61. Ne4 Rb3 62. Ke5 Ne3 63. Rc7+ Kd8 64. Rb7 Nc4+ 65. Kd5
Ne3+ 66. Ke6 Nc4 67. Nc5 Rb1 68. Kd5 Ne3+ 69. Kc6 Nc2 70. Ne6+ Ke8 71. b5 Re1
72. Nc7+ Kf7 73. b6 Nd4+ 74. Kd5 Nf5 75. Nb5+ Kf6 76. Rc7 Rb1 77. Kc5 Rc1+ 78.
Kb4 Rb1+ 79. Ka4 Ra1+ 80. Kb4 Rb1+ 81. Kc5 Rc1+ 82. Kd5 Rb1 83. Rc5 Rd1+ 84. Kc6
Ne7+ 85. Kb7 Nd5 86. Rc6+ Ke5 87. Nc3 Nxc3 88. Rxc3 Kd6 89. Kc8 Rh1 90. Kb8 Kd7
91. b7 Rd1 92. Rc4 Ra1 93. Rd4+ Kc6 94. Kc8 Rh1 95. b8=Q 1-0

[Event "World Blitz 2025"]
[Site "Doha QAT"]
[Date "2025.12.30"]
[Round "17.31"]
[White "Rapport, Richard"]
[Black "Klukin, Kirill"]
[Result "1-0"]
[WhiteTitle "GM"]
[BlackTitle "IM"]
[WhiteElo "2741"]
[BlackElo "2414"]
[WhiteFideId "738590"]
[BlackFideId "24199273"]
[EventDate "2025.12.29"]

1. e4 c5 2. Nf3 g6 3. c3 d5 4. exd5 Qxd5 5. d4 Bg7 6. Nbd2 cxd4 7. Bc4 Qd8 8.
Nxd4 Nf6 9. O-O O-O 10. N2f3 Qc7 11. Qe2 Bg4 12. h3 Bxf3 13. Nxf3 Nc6 14. Re1 e6
15. Bb3 Nd5 16. Qe4 Rad8 17. Bg5 Rd7 18. Rad1 Nb6 19. h4 Na5 20. Rxd7 Nxd7 21.
Bc2 Nc4 22. Bc1 Nf6 23. Qe2 Rd8 24. Nd4 a6 25. g3 b5 26. Bb3 Nd5 27. h5 Ne7 28.
Nxe6 fxe6 29. Qxe6+ Kf8 30. Bg5 Rd7 31. h6 Bh8 32. Bf6 Bxf6 33. Qxf6+ Ke8 34.
Qh8+ Kf7 35. Qg7+ 1-0

[Event "World Blitz 2025"]
[Site "Doha QAT"]
[Date "2025.12.30"]
[Round "17.32"]
[White "Erdogmus, Yagiz Kaan"]
[Black "Esipenko, Andrey"]
[Result "0-1"]
[WhiteTitle "GM"]
[BlackTitle "GM"]
[WhiteElo "2658"]
[BlackElo "2698"]
[WhiteFideId "44599790"]
[BlackFideId "24175439"]
[EventDate "2025.12.29"]

1. e4 e5 2. Bc4 Nf6 3. d3 Be7 4. Nf3 Nc6 5. O-O O-O 6. Re1 d6 7. a4 Be6 8. Nbd2
Bxc4 9. Nxc4 h6 10. c3 Re8 11. b4 a6 12. Bb2 Bf8 13. Ne3 Qd7 14. Qb3 b5 15. axb5
axb5 16. Nd5 Nxd5 17. Qxd5 Rab8 18. Ra6 Ne7 19. Qb3 Ng6 20. Bc1 Ra8 21. Qa2 Qc8
22. Rxa8 Qxa8 23. Qb3 Qa6 24. g3 Ra8 25. Bb2 Qa2 26. Qc2 Qe6 27. Bc1 Be7 28. Be3
Qa2 29. Qxa2 Rxa2 30. c4 bxc4 31. dxc4 Nf8 32. Rb1 Ne6 33. b5 Rc2 34. Nd2 Bg5
35. Bxg5 Nxg5 36. Nf1 Nh3+ 37. Kg2 Nxf2 38. Ne3 Ra2 39. Kf3 Nd3 40. Nd5 Ra7 41.
Ne7+ Kh7 42. Nd5 Nc5 43. Re1 Ne6 44. Kf2 Ra4 45. Rc1 h5 46. h4 Ra2+ 47. Ke3 Ra3+
48. Kf2 g6 49. Rb1 Ra4 50. Rc1 Kg7 51. Rc2 Ra3 52. Rc3 Ra2+ 53. Ke3 Kf8 54. Rb3
Rc2 55. Kd3 Rg2 56. Kc3 Rxg3+ 57. Kb4 Rxb3+ 0-1

[Event "World Blitz 2025"]
[Site "Doha QAT"]
[Date "2025.12.30"]
[Round "17.33"]
[White "Andreikin, Dmitry"]
[Black "Puranik, Abhimanyu"]
[Result "1-0"]
[WhiteTitle "GM"]
[BlackTitle "GM"]
[WhiteElo "2710"]
[BlackElo "2622"]
[WhiteFideId "4158814"]
[BlackFideId "5061245"]
[EventDate "2025.12.29"]

1. e4 c5 2. Nc3 Nc6 3. Bb5 Nd4 4. Nf3 a6 5. Bd3 g6 6. Nxd4 cxd4 7. Ne2 Bg7 8.
O-O d6 9. b3 e5 10. c3 dxc3 11. dxc3 Ne7 12. c4 O-O 13. Nc3 Be6 14. Be3 f5 15.
f3 Nc6 16. Nd5 Nd4 17. Bxd4 exd4 18. exf5 Bxd5 19. cxd5 gxf5 20. f4 Rc8 21. Qh5
Qe8 22. Qxe8 Rcxe8 23. Rac1 Re3 24. Rfd1 h5 25. Kf2 Rf7 26. Rc8+ Kh7 27. Rd8 Bf8
28. Rd7 Kg6 29. Rxf7 Kxf7 30. Bxf5 Bg7 31. Rd3 Rxd3 32. Bxd3 Bf8 33. Kf3 Be7 34.
g3 Bd8 35. h3 Ba5 36. g4 hxg4+ 37. hxg4 Bd2 38. g5 Kg7 39. Kg4 Kf7 40. f5 Kg7
41. f6+ 1-0

[Event "World Blitz 2025"]
[Site "Doha QAT"]
[Date "2025.12.30"]
[Round "17.34"]
[White "Maghsoodloo, Parham"]
[Black "Anton Guijarro, David"]
[Result "1/2-1/2"]
[WhiteTitle "GM"]
[BlackTitle "GM"]
[WhiteElo "2708"]
[BlackElo "2646"]
[WhiteFideId "12539929"]
[BlackFideId "2285525"]
[EventDate "2025.12.29"]

1. d4 Nf6 2. c4 e6 3. Nc3 Bb4 4. e3 O-O 5. Ne2 Re8 6. a3 Bf8 7. e4 d5 8. e5 Nfd7
9. h4 c5 10. Bg5 Qa5 11. b4 cxb4 12. axb4 Qxb4 13. cxd5 exd5 14. Ra4 Qb2 15.
Nxd5 Nxe5 16. dxe5 Bd7 17. Re4 Bf5 18. Bc1 Qa1 19. Ra4 Qxe5 20. Bf4 Qb2 21. Qc1
Qb3 22. Qc4 Qb1+ 23. Qc1 Qb3 24. Rd4 Nc6 25. Rd2 Rad8 26. Qd1 Qa3 27. f3 Nb4 28.
Kf2 Nd3+ 29. Rxd3 Bxd3 30. Ne3 Bc5 31. Qc1 Bxe2 32. Qxa3 Bxa3 33. Bxe2 Bc5 34.
Rc1 Bb6 35. Rc3 Rd7 36. g3 Rde7 37. Bb5 Rd8 38. Ba4 h6 39. Bb3 Rd2+ 40. Kf1 Bxe3
41. Bxe3 Rd8 42. Bxa7 b5 43. Bb6 Rb8 44. Bf2 b4 45. Rc4 Rd7 46. Ke2 Re8+ 47. Re4
Rxe4+ 48. fxe4 Rc7 49. Be1 Rb7 50. Kd3 g5 51. hxg5 hxg5 52. Bd2 Rb5 53. Kc4 Re5
54. Kd4 Rb5 55. e5 Kg7 56. Bxg5 Rb8 57. g4 Rc8 58. Be7 Rc1 59. Bxb4 Rg1 60. Be7
Rxg4+ 61. Kc5 Re4 62. Kd6 Rd4+ 63. Bd5 Rd1 64. Bf6+ Kg6 65. Kc6 Rc1+ 66. Kb5 Re1
67. Kc5 Kf5 68. Kd6 Rd1 69. Bg7 Kg6 70. Bh8 Kf5 71. Bf6 Rd2 72. Kc5 Re2 73. Kd4
Rd2+ 74. Kc4 Re2 75. Kd4 Rd2+ 76. Kc5 Re2 77. Kd6 Rd2 78. Bh4 Rd1 79. Bf2 Rd2
80. Be3 Rd3 81. Bb6 Rd1 82. Bc7 Rd2 83. Bb8 Rd1 84. Kc5 Re1 85. Kd4 Rd1+ 86. Kc5
Re1 87. Bxf7 Rxe5+ 88. Bxe5 Kxe5 1/2-1/2

[Event "World Blitz 2025"]
[Site "Doha QAT"]
[Date "2025.12.30"]
[Round "17.35"]
[White "Svane, Rasmus"]
[Black "Lobanov, Sergei"]
[Result "1/2-1/2"]
[WhiteTitle "GM"]
[BlackTitle "GM"]
[WhiteElo "2608"]
[BlackElo "2527"]
[WhiteFideId "4657101"]
[BlackFideId "24183750"]
[EventDate "2025.12.29"]

1. Nf3 d5 2. g3 Nc6 3. d4 Bf5 4. Bg2 e6 5. O-O Nb4 6. Ne1 Be7 7. c3 Nc6 8. Nd2
Nf6 9. Nd3 h5 10. h4 Ne4 11. Nxe4 Bxe4 12. Qa4 Bxg2 13. Kxg2 Qd7 14. b4 Bd6 15.
Bf4 a6 16. Nc5 Bxc5 17. bxc5 e5 18. dxe5 Nxe5 19. Qd4 Ng6 20. Rab1 Nxf4+ 21.
Qxf4 O-O-O 22. Rb4 Qc6 23. Rfb1 d4+ 1/2-1/2

[Event "World Blitz 2025"]
[Site "Doha QAT"]
[Date "2025.12.30"]
[Round "17.36"]
[White "Dominguez Perez, Leinier"]
[Black "Gurel, Ediz"]
[Result "1-0"]
[WhiteTitle "GM"]
[BlackTitle "GM"]
[WhiteElo "2738"]
[BlackElo "2645"]
[WhiteFideId "3503240"]
[BlackFideId "44507356"]
[EventDate "2025.12.29"]

1. e4 c5 2. Nf3 e6 3. d4 cxd4 4. Nxd4 Nc6 5. Nc3 a6 6. Be2 Qc7 7. Nxc6 bxc6 8.
Qd3 Nf6 9. Qg3 d6 10. O-O Rb8 11. b3 e5 12. f4 Be7 13. Kh1 h5 14. h3 Be6 15. f5
Bd7 16. Bg5 Qa5 17. Rad1 h4 18. Qe3 Rb4 19. Bc4 Qc7 20. Rf3 a5 21. a4 Rb8 22.
Qe1 Rd8 23. Bxh4 Bc8 24. Bg5 Bb7 25. Rfd3 Rd7 26. Qe2 Qd8 27. Bxf6 Bxf6 28. Qf3
Ke7 29. Kh2 Qb6 30. Kh1 Qc5 31. Qe2 Rh4 32. Qf3 Rf4 33. Qh5 Kd8 34. Bxf7 Kc7 35.
Be6 Rd8 36. Qe2 Rf2 37. Qg4 Rxc2 38. Bc4 Kb8 39. Qf3 Qb4 40. Ne2 d5 41. exd5
cxd5 42. Bxd5 Bxd5 43. Rxd5 Rxd5 44. Rxd5 Qe1+ 45. Ng1 Rc1 46. Rb5+ Kc7 47. Qb7+
Kd8 48. Rd5+ Ke8 49. Qb8+ Kf7 50. Rd7+ Be7 51. Qb6 Kf8 52. Rb7 Bf6 53. Rb8+ 1-0

[Event "World Blitz 2025"]
[Site "Doha QAT"]
[Date "2025.12.30"]
[Round "17.37"]
[White "Safarli, Eltaj"]
[Black "Daneshvar, Bardiya"]
[Result "1/2-1/2"]
[WhiteTitle "GM"]
[BlackTitle "GM"]
[WhiteElo "2644"]
[BlackElo "2600"]
[WhiteFideId "13402129"]
[BlackFideId "12576468"]
[EventDate "2025.12.29"]

1. e4 c5 2. Nf3 Nc6 3. Bb5 e6 4. O-O Nge7 5. d4 cxd4 6. Nxd4 Ng6 7. Be3 Be7 8.
c3 O-O 9. Nd2 a6 10. Bd3 b5 11. f4 e5 12. fxe5 Ncxe5 13. Bc2 Bg5 14. Qe2 d6 15.
h3 Be6 16. Nxe6 fxe6 17. Bb3 Bxe3+ 18. Qxe3 Qe7 19. a4 Rxf1+ 20. Rxf1 Nd7 21.
axb5 axb5 22. Nf3 Nc5 23. Bc2 Ne5 24. Nxe5 dxe5 25. b4 Na4 26. Bb3 Rc8 27. c4
Qxb4 28. cxb5 Rb8 29. Bxe6+ Kh8 30. Bd7 Nc3 31. Kh2 Nxb5 32. Qg5 Qd6 33. Bxb5
Rxb5 34. Qg4 Rb8 35. Rf7 Rg8 36. h4 Qd4 37. Qf5 Qd8 38. Qg4 Qe8 39. Qf5 Qd8 40.
Kh3 Qd3+ 41. g3 Qd6 42. h5 h6 43. Rd7 Qc6 44. Rd5 Qc1 45. Rxe5 Qh1+ 46. Kg4 Qd1+
47. Qf3 Qd7+ 48. Rf5 Qe7 49. Kh3 Qe6 50. g4 Qe7 51. e5 Rd8 52. Qe4 Rc8 53. Rf3
Re8 54. Qd5 Rd8 55. Qe4 Re8 56. e6 Qd6 57. Re3 Qe7 58. Qe5 Rf8 59. Kg3 Rf6 60.
Qb8+ Kh7 61. Qe5 Kh8 62. Qe4 Qd6+ 63. Kh3 Rf2 64. Rg3 Qd2 65. Rg2 Rxg2 66. Qxg2
Qe3+ 67. Qg3 Qxe6 1/2-1/2

[Event "World Blitz 2025"]
[Site "Doha QAT"]
[Date "2025.12.30"]
[Round "17.38"]
[White "Theodorou, Nikolas"]
[Black "Santos Latasa, Jaime"]
[Result "0-1"]
[WhiteTitle "GM"]
[BlackTitle "GM"]
[WhiteElo "2652"]
[BlackElo "2616"]
[WhiteFideId "4262875"]
[BlackFideId "2293307"]
[EventDate "2025.12.29"]

1. d4 Nf6 2. Nf3 d5 3. c4 e6 4. g3 Bb4+ 5. Bd2 Be7 6. Bg2 Nbd7 7. O-O c6 8. Qc2
b6 9. Bf4 Bb7 10. cxd5 Nxd5 11. Nc3 Nxf4 12. gxf4 O-O 13. Rfd1 Rc8 14. Rac1 Qc7
15. Ne5 Nxe5 16. dxe5 Rfd8 17. Rxd8+ Qxd8 18. e3 Qc7 19. Bf3 Qb8 20. Kg2 Rd8 21.
Qe4 Ba8 22. f5 exf5 23. Qxf5 g6 24. Qf4 f6 25. Qc4+ Kg7 26. exf6+ Bxf6 27. Ne2
c5 28. Nf4 Bxf3+ 29. Kxf3 Qb7+ 30. Ke2 Re8 31. Rd1 Qf7 32. Qa4 Bxb2 33. Rd7 Re7
34. Rxe7 Qxe7 35. Qc4 Be5 36. Nd5 Qf7 37. h4 Kh8 38. f4 Bg7 39. a4 Qe6 40. Kd3
h5 41. Kd2 Kh7 42. Qd3 Qg4 43. Ne7 Bf6 44. Nd5 Qg2+ 45. Kc1 Bxh4 46. f5 Kh6 47.
f6 Qf3 48. Nf4 0-1

[Event "World Blitz 2025"]
[Site "Doha QAT"]
[Date "2025.12.30"]
[Round "17.39"]
[White "Salinas Herrera, Pablo"]
[Black "Pranav, V"]
[Result "0-1"]
[WhiteTitle "GM"]
[BlackTitle "GM"]
[WhiteElo "2473"]
[BlackElo "2641"]
[WhiteFideId "3407128"]
[BlackFideId "25060783"]
[EventDate "2025.12.29"]

1. e4 e5 2. Nf3 Nc6 3. Nc3 Nf6 4. Bb5 Bd6 5. O-O O-O 6. Bxc6 dxc6 7. d3 Nd7 8.
Be3 Re8 9. Nd2 Nf8 10. Ne2 Ng6 11. Kh1 a5 12. a4 b6 13. b3 Be6 14. Qe1 f5 15.
exf5 Bxf5 16. Ng3 Be6 17. Nge4 Bb4 18. f3 h6 19. Qg3 Kh7 20. Nc4 Bd5 21. Rad1 b5
22. Ncd2 Be7 23. Qf2 Be6 24. Bc5 Bh4 25. Qg1 Bf6 26. Ra1 Nf4 27. Rfe1 Nd5 28.
Qf2 Bh4 29. Ng3 Qf6 30. Nde4 Qg6 31. Qd2 b4 32. Bf2 Rad8 33. Nc5 Bg5 34. Qe2 Nf4
35. Qf1 Bd5 36. Nge4 Be7 37. Rad1 Rf8 38. Be3 Nh5 39. Qg1 Rf7 40. Nb7 Ra8 41.
Nbc5 Rd8 42. Nb7 Ra8 43. Bf2 Nf4 44. Bg3 h5 45. Nbc5 h4 46. Bxf4 Rxf4 47. h3 Qf5
48. Qh2 Rf8 49. Nb7 Ra8 50. Nbc5 Bxc5 51. Nxc5 Rxf3 52. Rxe5 Rf1+ 53. Rxf1 Qxf1+
54. Qg1 Bxg2+ 55. Kh2 Qf4+ 56. Kxg2 Qxe5 57. Ne4 Rf8 58. Qe1 Qf4 59. Qe2 Rf5 60.
Kg1 Re5 61. Kg2 Kg8 62. Kg1 Re6 63. Qg2 Qf5 0-1

[Event "World Blitz 2025"]
[Site "Doha QAT"]
[Date "2025.12.30"]
[Round "17.40"]
[White "Zverev, Lev"]
[Black "Makarian, Rudik"]
[Result "0-1"]
[WhiteTitle "IM"]
[BlackTitle "GM"]
[WhiteElo "2453"]
[BlackElo "2524"]
[WhiteFideId "24250775"]
[BlackFideId "44105681"]
[EventDate "2025.12.29"]

1. e4 e5 2. Nf3 Nc6 3. Bc4 Nf6 4. d3 Be7 5. O-O d6 6. a4 Be6 7. Re1 Bxc4 8. dxc4
a5 9. Nc3 b6 10. Nd5 Nxd5 11. cxd5 Nb8 12. Ra3 Nd7 13. Be3 O-O 14. Rc3 f5 15.
exf5 Rxf5 16. Qd3 Rf7 17. Nd2 Bg5 18. Ne4 Bxe3 19. Rxe3 Nc5 20. Nxc5 bxc5 21.
Rf3 Rxf3 22. Qxf3 Qh4 23. b3 Rf8 24. Qe3 Qd4 25. Qxd4 exd4 26. Rd3 Rf5 27. h4
Rxd5 28. c3 dxc3 29. Rxc3 Rd4 30. g3 Kf7 31. Kg2 Ke6 32. Re3+ Kd7 33. Rf3 Rb4
34. Rf7+ Kc6 35. Rxg7 Rxb3 36. Rxh7 c4 37. Kf1 d5 38. Re7 d4 39. h5 c3 40. Ke2
Rb2+ 41. Kd3 Rd2+ 42. Kc4 c2 0-1

[Event "World Blitz 2025"]
[Site "Doha QAT"]
[Date "2025.12.30"]
[Round "17.41"]
[White "Agmanov, Zhandos"]
[Black "Sargsyan, Shant"]
[Result "1-0"]
[WhiteTitle "IM"]
[BlackTitle "GM"]
[WhiteElo "2471"]
[BlackElo "2665"]
[WhiteFideId "13708309"]
[BlackFideId "13306766"]
[EventDate "2025.12.29"]

1. e4 g6 2. d4 Bg7 3. Nc3 c6 4. Nf3 d6 5. h3 b5 6. a3 Nd7 7. Be2 Bb7 8. O-O e5
9. d5 cxd5 10. Nxb5 Nb6 11. exd5 a6 12. Nc3 Nf6 13. Bg5 h6 14. Bxf6 Bxf6 15. a4
Bg7 16. a5 Nd7 17. Nd2 f5 18. Nc4 Qc7 19. Ra3 O-O 20. b4 e4 21. Na4 Rae8 22.
Nab6 Nf6 23. Qd2 f4 24. Qxf4 Rd8 25. Qd2 Qf7 26. Ne3 h5 27. b5 axb5 28. a6 Ba8
29. Bxb5 h4 30. a7 Nh5 31. Nxa8 Rxa8 32. Ra6 Rxa7 33. Rxd6 Be5 34. Re6 Qf4 35.
Rxg6+ Rg7 36. Rxg7+ Kxg7 37. g3 hxg3 38. fxg3 Qxg3+ 39. Qg2 Bd4 40. Qxg3+ Nxg3
41. Rxf8 Kxf8 42. Kg2 Nh5 43. Nf5 Bc5 44. Bc4 Nf4+ 45. Kg3 Nh5+ 46. Kg4 Nf6+ 47.
Kf4 Bb6 48. Ke5 Nh7 49. Kxe4 Ng5+ 50. Ke5 Nxh3 51. d6 Ng5 52. Bd5 Ba5 53. c4
Bc3+ 54. Kf4 Nh7 55. c5 Nf6 56. Be6 Bb4 57. c6 Ne8 58. Ke5 Ba5 59. Bd7 Nc7 60.
dxc7 Bxc7+ 61. Ke6 Ba5 62. Nd6 Bb6 63. Nc4 Bc7 64. Bc8 Ke8 65. Ba6 Kd8 66. Ne3
Ba5 67. Nd5 Ke8 68. Kd6 Kd8 69. Kc5 Ke8 70. Bb7 Bd8 71. Bc8 Kf8 72. Kd6 Ba5 73.
Kd7 Kf7 74. Ba6 Kf8 75. Bd3 Kf7 76. Bf5 Kf8 77. Ne3 1-0